|
|
|
|
| LEADER |
01122nam a22003132a 4500 |
| 001 |
000269856 |
| 003 |
CZ BrMZK |
| 005 |
20260402134940.0 |
| 007 |
ta |
| 008 |
010907s1990 xo f 000 0 rus d |
| 040 |
|
|
|a BOA001
|b cze
|
| 041 |
1 |
|
|a rus
|a slo
|
| 080 |
9 |
|
|a 808.2(075.8)
|
| 080 |
9 |
|
|a 378.663
|
| 100 |
1 |
|
|a Rjabinina, Natália
|7 jx20060303025
|4 aut
|
| 245 |
1 |
0 |
|a Ruský jazyk :
|b odborné texty /
|c Natalia Rjabinina, Hilda Steinerová, Viera Jakubeková
|
| 250 |
|
|
|a 1. vyd.
|
| 260 |
|
|
|a Bratislava :
|b Vysoká škola ekonomická,
|c 1990
|
| 300 |
|
|
|a 260 s.
|
| 504 |
|
|
|a Obsahuje bibliografii
|
| 700 |
1 |
|
|a Steinerová, Hilda
|4 aut
|
| 700 |
1 |
|
|a Jakubeková, Viera
|7 mzk2010591781
|4 aut
|
| 710 |
2 |
|
|a Vysoká škola ekonomická v Bratislave
|7 ko20010088136
|4 pbl
|
| 910 |
|
|
|a BOA001
|b 4-0958.246
|b TK-A-0244.980
|
| 920 |
|
|
|a 000325362
|
| 964 |
|
|
|a Ruština - učebnice - školy vysoké
|
| 990 |
|
|
|a BK
|
| 996 |
7 |
|
|b 2619877617
|c 4-0958.246
|l MZK
|r Sklad / do 1 hodiny
|n 6
|w 000269856
|u 000010
|a 1
|e BOA001
|j MZK50
|s A
|
| 996 |
7 |
|
|b 2629974160
|c TK-A-0244.980
|l MZK
|r Sklad / do 24 hodin
|n 0
|w 000269856
|u 000020
|a 1
|e BOA001
|j MZK50
|s A
|